| 000 | 00651nam a2200193 a 4500 | ||
|---|---|---|---|
| 001 | BRCA_8397 | ||
| 005 | 20190320210249.0 | ||
| 008 | 270115s2012----mx-a######---#000-0#spa-# | ||
| 020 | _a9786074822984 | ||
| 041 | _aspa | ||
| 050 | 4 | _bP43 2012 | |
| 245 | 1 | 0 |
_aEl pecado en la Nueva España _cEnrique J. Nieto Estrada, coordinador. |
| 260 |
_aMéxico _bUniversidad Autónoma del Estado de Hidalgo, Instituto de Ciencias Sociales y Humanidades _c2012 |
||
| 300 |
_a262 p. _bil. _c23 cm. |
||
| 440 | 0 |
_aColección Científica _9470 |
|
| 504 | _aIncluye referencias bibliográficas | ||
| 700 | 1 |
_aNieto Estrada, Enrique J. _ecoord. _921025 |
|
| 942 |
_2lcc _cB |
||
| 999 |
_c8065 _d8065 |
||